| 000 | 00456nam a2200181Ia 4500 | ||
|---|---|---|---|
| 001 | 3932 | ||
| 005 | 20260306145719.0 | ||
| 008 | 260306t2001||||xx |||||||||||||| ||spa|| | ||
| 041 | _aESP | ||
| 082 |
_a305.5633 _bL85 |
||
| 100 |
_aLong, Norman _eAUT |
||
| 245 | 0 |
_aMineros, campesinos y empresarios: _ben la sierra central del Perú |
|
| 260 | _c2001 | ||
| 300 |
_a391 páginas : _c20 cm. |
||
| 650 | _aGEN | ||
| 654 | _aCHU | ||
| 942 |
_cLIB _dJUS _fJUS _2ddc _n |
||
| 999 |
_c3932 _d3932 |
||